Introducción a UNIX: un enfoque práctico
-д хадгалсан:
| Үндсэн зохиолч: | |
|---|---|
| Формат: | Ном |
| Хэл сонгох: | испани |
| Хэвлэсэн: |
Madrid
Prentice Hall Iberia
1997
|
| Нөхцлүүд: | |
| Шошгууд: |
Шошго нэмэх
Шошго байхгүй, Энэхүү баримтыг шошголох эхний хүн болох!
|
MARC
| LEADER | 00000nam a2200000 a 4500 | ||
|---|---|---|---|
| 001 | UCI6919 | ||
| 003 | CL-VaPUC | ||
| 008 | 080530e19970000SP |||||||||||||||||spa|d | ||
| 020 | |a 8483220016 | ||
| 082 | 0 | 4 | |a 005.43 |b AFZ |2 21 |
| 100 | 0 | |a Afzal, Amir |e author |9 529966 | |
| 245 | 1 | 0 | |a Introducción a UNIX: un enfoque práctico |
| 300 | |a 455 p | ||
| 942 | |c BK | ||
| 945 | |d 20080530 00:00:00 |a jtorresc | ||
| 260 | |a Madrid |b Prentice Hall Iberia |c 1997 | ||
| 650 | 7 | |a UNIX |2 CL-VaPUC |9 263393 | |
| 650 | 0 | |a Computadores |9 258188 | |
| 650 | 0 | |a Sistemas operativos |9 260288 | |
| 650 | 7 | |a PROGRAMACION DE SISTEMAS |2 CL-VaPUC |9 325990 | |
| 583 | |a last modification |c 20080530 00:00:00 |k Rodrigo Vera | ||
| 999 | |c 330355 |d 330353 | ||
| 952 | |0 0 |1 0 |4 0 |6 005_430000000000000_AFZ_1997 |7 0 |8 A |9 415857 |a BIBING |b BIBING |d 2019-11-22 |i 4444558 |o 005.43 AFZ 1997 |p 4444558 |r 2025-01-20 |w 2019-11-22 |y BK |k CCI | ||